Turismo y arquitectura moderna en Chile: guías y revistas en la construcción de destinos turísticos, 1933-1962
Kaydedildi:
| Asıl Yazarlar: | , , , , |
|---|---|
| Materyal Türü: | Kitap |
| Dil: | İspanyolca |
| Baskı/Yayın Bilgisi: |
Santiago
ARQ Ediciones
2014
|
| Edisyon: | 1a. ed |
| Seri Bilgileri: | La Gran Escala, 4
|
| Konular: | |
| Etiketler: |
Etiketle
Etiket eklenmemiş, İlk siz ekleyin!
|
MARC
| LEADER | 00000cam a2200000 a 4500 | ||
|---|---|---|---|
| 001 | UCE6027 | ||
| 003 | CL-VaPUC | ||
| 008 | 150319e20140000cl |||||||||||||||||spa|d | ||
| 020 | |a 9789569571022 | ||
| 082 | 0 | 4 | |a 728.83 |b COR |2 21 |
| 100 | 0 | |a Cortés Darrigrande, María Macarena |e author |9 578698 | |
| 700 | 0 | |a Basauri, Luciano |e author |9 578699 | |
| 700 | 0 | |a Berc, Dafne |e author |9 578700 | |
| 700 | |a Galeno Ibaceta, Claudio |e author |9 584675 | ||
| 700 | 0 | |a Weibel Fernández, Hugo |e author |9 578702 | |
| 245 | 1 | 0 | |a Turismo y arquitectura moderna en Chile: guías y revistas en la construcción de destinos turísticos, 1933-1962 |
| 250 | |a 1a. ed | ||
| 300 | |a 215 p | ||
| 942 | |c BK | ||
| 945 | |d 20150319 12:57:00 |a dcastane | ||
| 260 | |a Santiago |b ARQ Ediciones |c 2014 | ||
| 650 | 0 | |a Arquitectura chilena |9 265393 | |
| 650 | 0 | |a Patrimonio arquitectónico |9 488599 | |
| 650 | 0 | |a Historia de la arquitectura |9 266241 | |
| 583 | |a last modification |c 20150319 12:57:00 |k Rodrigo Vera | ||
| 490 | 0 | |a La Gran Escala, 4 | |
| 999 | |c 358520 |d 358518 | ||
| 952 | |0 0 |1 0 |3 erb |4 0 |6 728_830000000000000_COR_2014 |7 0 |8 A |9 467281 |a BIBARQ |b BIBARQ |i 5141966 |o 728.83 COR 2014 |p 5141966 |r 2025-01-20 |w 2019-11-23 |y BK |z Catalogado en:20150319 |k ARQ | ||
| 952 | |0 0 |1 0 |3 erb |4 0 |6 728_830000000000000_COR_2014 |7 0 |8 A |9 467282 |a BIBARQ |b BIBARQ |i 5141974 |o 728.83 COR 2014 |p 5141974 |r 2025-01-20 |w 2019-11-23 |y BK |z Catalogado en:20150319 |k ARQ | ||